| 000 | 00659nam a2200181 a 4500 | ||
|---|---|---|---|
| 008 | 100325s2008 ||||||||||||||||| || u | ||
| 020 | _a0470056231 | ||
| 050 | _aHF 5415.13 Aak | ||
| 100 | _aAaker, David A | ||
| 245 | 1 | 0 | _aStrategic market management. -- 8th ed. |
| 250 | _a8th ed. | ||
| 260 |
_aHoboken, N. J. _bJohn Wiley and Sons _c2008 |
||
| 300 | _axiii, 322p.: ill. | ||
| 350 | _a0.00 | ||
| 650 | 0 | _aMARKETING--MANAGEMENT--CASE STUDIES | |
| 650 | _aMARKETING--MANAGEMENT | ||
| 995 |
_D0.00 _FCBU-MAIN LIBRARY (Kitwe) _H1 _I0.00 _M1 _UAVAILABLE _WApr 12, 2010 _ZMain Library Open Access Collection |
||
| 999 |
_c58532 _d58532 |
||